000 00943nam a22003617a 4500
005 20260423171506.0
008 171208b2005 xxu||||| |||| 00| 0 spa d
020 _a84662076610
041 _aESP
082 _a613.71 R759s
100 _aRomano, Valentina
_944856
245 _aStretching
260 _aEstados Unidos
260 _bLibsa
260 _c2005
300 _a287 páginas
490 _aTemática General
650 _aEJERCICIO Y ACTIVIDADES DEPORTIVAS
650 _aSTRETCHING
650 _aESTIRAMIENTO
650 _aRESPIRACIÓN
650 _aMASAJE
650 _aAROMATERAPIA
650 _aENTRENAMIENTO
650 _aALIMENTOS MACRONUTRITIVOS
650 _aALIMENTOS MICRONUTRITIVOS
650 _aMASAJE FACIAL
650 _aEJERCICIO PARA LA OFICINA
650 _aSALUD EN LA OFICINA
650 _aEJERCICIOS PARA LA TERCERA EDAD
650 _aEJERCICIOS PARA EL PARTO
942 _cBK
_2ddc
999 _c10067
_d10067